US States Without a Map Quiz Stats

Quiz Updated Apr 16, 2015

Also try: US Cities on a Map
Challenge
Share
Tweet
Score 0/30 Timer 06:00
4 Plays Today
% Correct
Texas
85.1%
Washington
85%
Arizona
84.8%
Florida
84.6%
Oregon
84.5%
Louisiana
81.6%
Utah
81.6%
Montana
81.5%
Colorado
81.2%
Oklahoma
80.5%
Alabama
79.8%
North Dakota
79%
Maine
78.9%
South Carolina
78.5%
South Dakota
78.4%
% Correct
Wyoming
78.3%
Kansas
78.2%
Arkansas
77%
New York
76.6%
Tennessee
76.4%
Michigan
75.1%
Minnesota
74.9%
West Virginia
73.7%
Vermont
73%
Iowa
72.9%
Ohio
72.7%
Pennsylvania
72%
Illinois
71.8%
Delaware
68.3%
Connecticut
66.8%

You're not logged in!

Compare scores with friends on all Sporcle quizzes.
Sign Up with Email
OR
Log In

You Might Also Like...

Show Comments

Extras

Top Quizzes Today


Score Distribution

Your Account Isn't Verified!

In order to create a playlist on Sporcle, you need to verify the email address you used during registration. Go to your Sporcle Settings to finish the process.